| 000 | 00760nam a2200241Ia 4500 | ||
|---|---|---|---|
| 003 | OSt | ||
| 005 | 20260416152248.0 | ||
| 008 | 220923b |||||||| |||| 00| 0 eng d | ||
| 020 | _a0821415174 | ||
| 037 | _cGeneral Book | ||
| 040 |
_aRTL _cRTL _beng |
||
| 041 |
_2eng _aeng |
||
| 084 |
_aY:492.69M.N, P3 _qRTL |
||
| 245 | 0 | _aFighting the slave trade: west African strategies | |
| 260 |
_aAthens _bOhio University Press _c2003 |
||
| 300 |
_aix, 242 p. _bIncludes bibliographical references and index |
||
| 490 | _aWestern African Studies | ||
| 500 | _aBibliography Chapterwise | ||
| 650 | _aSociology | ||
| 700 |
_a Diouf Sylviane A _eEditor _91234983 |
||
| 942 |
_hY:492.69M.N, P3 _cGB _2CC |
||
| 999 |
_c479325 _d479325 |
||